000 nam a22 7a 4500
999 _c8144
_d8144
008 171130b xxu||||| |||| 00| 0 eng d
100 _94581
_aCBSE
245 _aENGLISHCOMMUNICATIVE-IX S.P
260 _aNEW DELHI
_bU-LIKE
_c2018